| 000 | 00818 a2200253 4500 | ||
|---|---|---|---|
| 003 | OSt | ||
| 005 | 20180116182619.0 | ||
| 008 | 160425b xxu||||| |||| 00| 0 eng d | ||
| 020 | _a8188421049 | ||
| 020 | _a9788188421046 | ||
| 040 | _c0 | ||
| 100 | _aCoyle, Brain. | ||
| 245 | 0 | 0 | _aFramework for credit risk management. |
| 260 |
_a[S.l.] : _bUnique Sellers & Co, _c2002. |
||
| 300 | _a1 v. (unpaged) | ||
| 500 | _aHardcover. | ||
| 650 | 4 | _aCredit & credit institutions. | |
| 650 | 4 | _aBusiness & Economics / Finance. | |
| 650 | 4 | _aEconomics. | |
| 650 | 4 | _aFinance & Accounting. | |
| 856 | 4 | 0 |
_3Amazon.com _uhttp://www.amazon.com/exec/obidos/ASIN/8188421049/chopaconline-20 |
| 856 | 4 | 0 |
_3Amazon customer reviews _uhttp://www.chopac.org/cgi-bin/tools/azrev.pl?q=8188421049 |
| 942 |
_aNBS _cBK _k332.7 COY _2ddc |
||
| 999 |
_c342755 _d342755 |
||